000 01840nab a2200265 a 4500
005 20250128131912.0
008 991125c2016 sp qr p o 000 0 spa d
035 _aUPN01000214093
040 _aUPN
_bspa
_cUPN
_eaacr2
049 _aART-E
100 1 _aMartín Zamorano, Mariano
_6- martinzam@hotmail.com
245 1 3 _aLa transformación de las políticas culturales en Argentina durante la primera década kirchnerista: entre la hegemonía y la diversidad
506 0 _aAcceso abierto
520 3 _aDesde 2003, igualmente que en muchos países latinoamericanos que participaron del llamado “giro a la izquierda”, las políticas culturales argentinas se profundizaron y diversificaron. Esta nueva política cultural ha sido caracterizada como un instrumento de construcción de hegemonía en un sentido gramsciano, pero dicha afirmación no ha sido explicada y la relación de la administración pública de la cultura con los particularismos sociales y la diversidad cultural tampoco ha sido analizada. El presente trabajo examina esta problemática, estudiando continuidad y cambio en la historia de las políticas culturales argentinas y focalizando en el período 2003-2013. De este modo, precisa su particular configuración administrativa, programática y constitutiva durante la década estudiada, donde paradigma de la diversidad cultural tuvo una relevancia secundaria en relación con el concepto peronista de pueblo.
650 4 _aPolítica cultural
_91382
650 2 _aHegemonía
_98743
653 0 _aArgentina
653 0 _aKirchnerismo
653 0 _aDiversidad cultural
773 _gNo. 70 (2016), p. 53-83
_tAposta : revista de ciencias sociales
_x1696-7348
856 4 _uhttps://www.redalyc.org/articulo.oa?id=495952432003
902 _aGloria Jiménez/280125
905 _aArticulo
942 _cART-E
999 _c186193
_d186193